| 000 | 00409aam a2200157 4500 | ||
|---|---|---|---|
| 005 | 20161208122958.0 | ||
| 008 | 150427b xxu||||| |||| 00| 0 spa d | ||
| 041 | _aspa | ||
| 082 | _a020 L697L | ||
| 245 | _aLibros, bibliotecas y electrónica | ||
| 260 |
_aMéxico _bEDAMEX _c1984 |
||
| 300 | _a143 páginas | ||
| 650 |
_aBIBLIOTECOLOGÍA _934733 |
||
| 650 |
_aCIENCIAS DE LA INFORMACIÓN _932929 |
||
| 942 | _cBK | ||
| 999 |
_c5020 _d5020 |
||